Loading...

Ormayil jeevikkunnavar

Bibliographic Details
Main Author: Nayanar, E K
Format: Printed Book
Published: Thiruvananthapuram, Chintha Publishers 1992
LEADER 003880000a22001210004500
040 |a MAL 
082 |a 923.2 32 N2 
100 |a Nayanar, E K 
245 |a Ormayil jeevikkunnavar 
260 |a Thiruvananthapuram, Chintha Publishers 
260 |c 1992 
999 |c 26544  |d 26544 
952 |0 0  |1 0  |4 0  |6 923_200000000000000_32_N2  |7 0  |8 MAL  |9 26380  |a MGUL  |b MGUL  |d 2013-07-16  |l 0  |o 923.2 32 N2  |p 17343  |r 2013-07-16  |w 2013-07-16  |y BK